[Event "Novokuznetsk op"]
[Site "Novokuznetsk"]
[Date "2012.10.08"]
[Round "9"]
[White "Kuznesov, Andrei"]
[Black "Gerentsev, Viktor"]
[Result "1/2-1/2"]
[WhiteElo "2279"]
[BlackElo "2085"]
[PlyCount "120"]
[EventDate "2012.08.02"]
[EventType "swiss"]
[EventRounds "9"]
[EventCountry "RUS"]
[SourceTitle "EXT 2013"]
[Source "ChessBase"]
[SourceDate "2012.11.22"]
[SourceVersion "1"]
[SourceVersionDate "2012.11.22"]
[SourceQuality "1"]

1. e4 e6 2. d3 d5 3. Nd2 c5 4. Ngf3 Nc6 5. g3 Nf6 6. Bg2 Be7 7. 0-0 h6 8. h4 b6 9. Re1 Bb7 10. e5 Nd7 11. Qe2 Qc7 12. h5 0-0-0 13. c3 Rdg8 14. a3 a5 15. d4 g6 16. hxg6 Rxg6 17. Nf1 c4 18. Bf4 a4 19. Ne3 Na5 20. Nh4 Bxh4 21. gxh4 Qd8 22. h5 Rg7 23. Bg3 Rhg8 24. Nf1 Nc6 25. Bh3 Ne7 26. Kh2 Nf5 27. Bxf5 exf5 28. Qf3 Qg5 29. Ne3 f4 30. Qxf4 Qxh5+ 31. Kg1 Qg5 32. Qxg5 Rxg5 33. Kf1 Nf8 34. Ke2 Ne6 35. Rh1 h5 36. Rh4 Kd7 37. Rah1 Rh8 38. Bf4 Rg6 39. Nf5 Ba6 40. Be3 Ng7 41. Nxg7 Rxg7 42. Rxh5 Rxh5 43. Rxh5 Bc8 44. Rh8 Kc7 45. Bf4 Kb7 46. Bg3 Be6 47. Rh6 Rg6 48. Rh7 Rg4 49. Kd2 Kc6 50. Rh8 Kb7 51. Rd8 Rg6 52. Rf8 Rh6 53. f4 Rh5 54. Ke3 Kc6 55. Ra8 b5 56. Ra7 Kb6 57. Re7 Kc6 58. Kf3 Kb6 59. Kg2 Bh3+ 60. Kf2 Be6 1/2-1/2

[Event "Novokuznetsk op"]
[Site "Novokuznetsk"]
[Date "2012.08.07"]
[Round "6"]
[White "Kuznesov, Andrei"]
[Black "Chernov, Mikhail"]
[Result "1-0"]
[WhiteElo "2279"]
[BlackElo "2220"]
[PlyCount "131"]
[EventDate "2012.08.02"]
[EventType "swiss"]
[EventRounds "9"]
[EventCountry "RUS"]
[SourceTitle "EXT 2013"]
[Source "ChessBase"]
[SourceDate "2012.11.22"]
[SourceVersion "1"]
[SourceVersionDate "2012.11.22"]
[SourceQuality "1"]

1. e4 c5 2. Nf3 Nc6 3. c3 Nf6 4. Qe2 d6 5. g3 g6 6. Bg2 Bg7 7. 0-0 0-0 8. h3 e5 9. Na3 d5 10. exd5 Nxd5 11. Qc4 b6 12. d4 e4 13. Ng5 Na5 14. Qe2 cxd4 15. Qxe4 Bb7 16. cxd4 h6 17. Nf3 Re8 18. Qd3 Nb4 19. Qd2 Nac6 20. Rd1 Ba6 21. Re1 Rxe1+ 22. Qxe1 Nd3 23. Qe4 Rc8 24. Be3 Nxb2 25. Rc1 Bd3 26. Qf4 Bf5 27. Bf1 Qd5 28. g4 Be4 29. Nd2 Re8 30. Nxe4 Rxe4 31. Bg2 Rxf4 32. Bxd5 Nxd4 33. Rc8+ Kh7 34. Bxf4 Ne2+ 35. Kf1 Nxf4 36. Bxf7 Nxh3 37. Bg8+ Kh8 38. Nb5 a6 39. Nd6 Bd4 40. Bb3+ Kg7 41. Ne8+ Kf8 42. Nf6+ Ke7 43. Nd5+ Kd7 44. Rf8 g5 45. Rf3 Nf4 46. Nxf4 gxf4 47. Rxf4 Be5 48. Rf5 Kd6 49. f4 Bc3 50. Ke2 a5 51. a4 Kc6 52. g5 hxg5 53. fxg5 Kd6 54. Rf7 Kc5 55. Rf4 b5 56. Rf5+ Kb4 57. Rxb5+ Ka3 58. g6 Nxa4 59. Bxa4 Kxa4 60. Rb7 Ka3 61. Kd3 Ba1 62. g7 Bxg7 63. Rxg7 a4 64. Kc2 Ka2 65. Ra7 a3 66. Ra6 1-0

[Event "Sibiria Region-ch"]
[Site "Prokopevsk"]
[Date "2012.03.20"]
[Round "9"]
[White "Loskutov, Oleg"]
[Black "Kuznesov, Andrei"]
[Result "1-0"]
[WhiteElo "2439"]
[BlackElo "2287"]
[PlyCount "101"]
[EventDate "2012.03.12"]
[EventType "swiss"]
[EventRounds "9"]
[EventCountry "RUS"]
[SourceTitle "EXT 2013"]
[Source "ChessBase"]
[SourceDate "2012.11.22"]
[SourceVersion "1"]
[SourceVersionDate "2012.11.22"]
[SourceQuality "1"]

1. e4 e5 2. Nf3 Nc6 3. Bb5 Nf6 4. 0-0 Bc5 5. c3 0-0 6. d4 Bb6 7. Bg5 h6 8. Bh4 d6 9. Qd3 Qe7 10. Nbd2 Nb8 11. Rfe1 c6 12. Ba4 Bc7 13. Nf1 Re8 14. h3 Nbd7 15. Ne3 Qf8 16. Nd2 Nh5 17. Bd1 Nf4 18. Qc2 g6 19. Bg3 Qg7 20. a4 a5 21. Nec4 b5 22. axb5 cxb5 23. Na3 Ba6 24. Bxf4 exf4 25. Be2 Reb8 26. Nf3 Qf6 27. Bd3 Rb6 28. b4 a4 29. Qe2 Rab8 30. Rab1 Qe6 31. Qd2 g5 32. Qe2 Bd8 33. e5 d5 34. Qc2 Nf8 35. Bf5 Qe7 36. Qa2 Bb7 37. Nh2 Kg7 38. g3 fxg3 39. fxg3 Qc7 40. Rbc1 Ng6 41. Ng4 h5 42. Ne3 Nxe5 43. dxe5 Qxe5 44. Qf2 Rf6 45. Nxb5 Bb6 46. Nd4 Bxd4 47. cxd4 Qxd4 48. g4 hxg4 49. Rcd1 Qxb4 50. Nxg4 Rb6 51. Rb1 1-0

[Event "Sibiria Region-ch"]
[Site "Prokopevsk"]
[Date "2012.03.19"]
[Round "8"]
[White "Kuznesov, Andrei"]
[Black "Pavlov, Oleg Yuryevich"]
[Result "1-0"]
[WhiteElo "2287"]
[BlackElo "2276"]
[PlyCount "90"]
[EventDate "2012.03.12"]
[EventType "swiss"]
[EventRounds "9"]
[EventCountry "RUS"]
[SourceTitle "EXT 2013"]
[Source "ChessBase"]
[SourceDate "2012.11.22"]
[SourceVersion "1"]
[SourceVersionDate "2012.11.22"]
[SourceQuality "1"]

1. e4 c6 2. d4 d5 3. Nd2 dxe4 4. Nxe4 Bf5 5. Ng3 Bg6 6. h4 h6 7. Nf3 Nd7 8. h5 Bh7 9. Bd3 Bxd3 10. Qxd3 e6 11. Bf4 Qa5+ 12. Bd2 Bb4 13. c3 Be7 14. Ne4 Ngf6 15. c4 Qc7 16. 0-0-0 b5 17. Nxf6+ Nxf6 18. Kb1 bxc4 19. Qxc4 0-0 20. g4 Ne4 21. Be3 Rab8 22. Qc2 Qb7 23. Bc1 c5 24. Rhe1 f5 25. gxf5 exf5 26. Rd3 Qa6 27. Ne5 Rfc8 28. d5 Bf6 29. Nd7 c4 30. Nxf6+ Qxf6 31. Rf3 c3 32. b3 Re8 33. Rfe3 Red8 34. f3 Ng5 35. Rxc3 Rxd5 36. Bb2 Qd8 37. Rce3 Rc8 38. Qe2 Qd6 39. Re7 Rd2 40. Rxg7+ Kf8 41. Ba3 Rxe2 42. Bxd6+ Kxg7 43. Rxe2 Nxf3 44. Re7+ Kf6 45. Rxa7 Kg5 1-0

[Event "Sibiria Region-ch"]
[Site "Prokopevsk"]
[Date "2012.03.14"]
[Round "3"]
[White "Chernov, Mikhail"]
[Black "Kuznesov, Andrei"]
[Result "1-0"]
[WhiteElo "2188"]
[BlackElo "2287"]
[PlyCount "85"]
[EventDate "2012.03.12"]
[EventType "swiss"]
[EventRounds "9"]
[EventCountry "RUS"]
[SourceTitle "EXT 2013"]
[Source "ChessBase"]
[SourceDate "2012.11.22"]
[SourceVersion "1"]
[SourceVersionDate "2012.11.22"]
[SourceQuality "1"]

1. e4 e5 2. Nf3 Nc6 3. Bc4 Bc5 4. b4 Bb6 5. Bb2 d6 6. 0-0 Nxb4 7. d4 exd4 8. c3 Nc6 9. cxd4 Nf6 10. Nbd2 0-0 11. e5 dxe5 12. dxe5 Nd5 13. Ne4 Be6 14. Nfg5 Nf4 15. Qc2 Bf5 16. Nxf7 Rxf7 17. Bxf7+ Kxf7 18. Nd6+ Kg8 19. Nxf5 Qg5 20. Ng3 Nxe5 21. Bxe5 Qxe5 22. Qc4+ Kh8 23. Rae1 Qg5 24. Re4 Rf8 25. Qc2 h5 26. Rfe1 Qg6 27. Qd2 Nxg2 28. Kxg2 Rxf2+ 29. Qxf2 Bxf2 30. Kxf2 Qf6+ 31. Kg2 h4 32. Nh1 Qg5+ 33. Kh3 Qf5+ 34. Kxh4 Qd5 35. a4 Kh7 36. Ng3 c5 37. Re5 Qd4+ 38. R1e4 Qf2 39. Rh5+ Kg6 40. Rg4+ Kf6 41. Rf5+ Qxf5 42. Nxf5 Kxf5 43. Rg5+ 1-0

[Event "Sibiria Region-ch"]
[Site "Prokopevsk"]
[Date "2012.03.12"]
[Round "1"]
[White "Sorokin, Aleksey"]
[Black "Kuznesov, Andrei"]
[Result "1-0"]
[WhiteElo "1987"]
[BlackElo "2287"]
[PlyCount "115"]
[EventDate "2012.03.12"]
[EventType "swiss"]
[EventRounds "9"]
[EventCountry "RUS"]
[SourceTitle "EXT 2013"]
[Source "ChessBase"]
[SourceDate "2012.11.22"]
[SourceVersion "1"]
[SourceVersionDate "2012.11.22"]
[SourceQuality "1"]

1. d4 Nf6 2. c4 c6 3. Nc3 d5 4. Nf3 e6 5. e3 Nbd7 6. Bd3 dxc4 7. Bxc4 b5 8. Bd3 Bb7 9. 0-0 a6 10. e4 b4 11. Na4 c5 12. e5 Nd5 13. Ng5 cxd4 14. Nxe6 fxe6 15. Qh5+ Ke7 16. Bg5+ N7f6 17. Rfe1 Kd7 18. exf6 gxf6 19. Bd2 Qe8 20. Qh3 Kc7 21. Rac1+ Kb8 22. Nc5 Bxc5 23. Rxc5 e5 24. Be4 Qf7 25. Qb3 Rd8 26. Bxb4 Qe6 27. Ba5 Rd7 28. Bxd5 Rxd5 29. Rc7 Ra7 30. Rec1 Rd6 31. Rc8+ Qxc8 32. Rxc8+ Kxc8 33. Qg8+ Kd7 34. Qb8 Rc6 35. h3 h5 36. Qxa7 Kc8 37. h4 f5 38. Kh2 f4 39. f3 d3 40. Qf2 Rc2 41. Qf1 Re2 42. Qc1+ Rc2 43. Qd1 e4 44. fxe4 Bxe4 45. Bd2 Bc6 46. b4 Rxa2 47. Qe1 Kb7 48. Qf2 Bd5 49. Qxf4 Kc6 50. Qd4 Be6 51. Qxd3 Bd5 52. Qd4 Rc2 53. Kg3 Rc4 54. Qf6+ Kb5 55. Kf2 Rg4 56. g3 Re4 57. Qd6 Be6 58. Qc5+ 1-0

[Event "Kuzbass-ch op"]
[Site "Kemerovo"]
[Date "2011.10.21"]
[Round "9"]
[White "Gutov, Andrey"]
[Black "Kuznesov, Andrei"]
[Result "1-0"]
[WhiteElo "2406"]
[BlackElo "2248"]
[PlyCount "107"]
[EventDate "2011.10.14"]
[EventType "swiss"]
[EventRounds "9"]
[EventCountry "RUS"]
[SourceTitle "EXT 2012"]
[Source "ChessBase"]
[SourceDate "2011.11.24"]
[SourceVersion "1"]
[SourceVersionDate "2011.11.24"]
[SourceQuality "1"]

1. d4 d5 2. c4 c6 3. Nf3 e6 4. b3 Nd7 5. e3 Bd6 6. Bb2 Qe7 7. Bd3 Ngf6 8. Nbd2 e5 9. dxe5 Nxe5 10. Nxe5 Bxe5 11. Bxe5 Qxe5 12. 0-0 0-0 13. Qc2 h6 14. e4 dxe4 15. Nxe4 Ng4 16. Ng3 Qg5 17. Rae1 h5 18. Qc3 h4 19. Ne4 Qf4 20. g3 Qh6 21. Qd2 hxg3 22. fxg3 Rd8 23. Qxh6 Nxh6 24. Nf2 Be6 25. Rd1 Nf5 26. Rfe1 Nd4 27. Kg2 a5 28. h3 a4 29. b4 f5 30. a3 Kf7 31. Rf1 Ke7 32. g4 g6 33. Kg3 c5 34. bxc5 Nb3 35. Rde1 Kf6 36. gxf5 gxf5 37. Ng4+ Kg5 38. h4+ Kh5 39. Bxf5 Bxc4 40. Re5 Rd5 41. Rxd5 Bxd5 42. Nf6+ Kh6 43. Nxd5 Nxc5 44. Nf6 Rf8 45. Ng4+ Kg7 46. Rf4 b5 47. h5 b4 48. axb4 a3 49. bxc5 a2 50. Ra4 Rxf5 51. Kh4 Rxc5 52. Ra7+ Kh8 53. Ra8+ Kh7 54. Rxa2 1-0

[Event "Kuzbass-ch op"]
[Site "Kemerovo"]
[Date "2011.10.16"]
[Round "3"]
[White "Kuznesov, Andrei"]
[Black "Siuniakov, Igor"]
[Result "1/2-1/2"]
[WhiteElo "2248"]
[BlackElo "2321"]
[PlyCount "82"]
[EventDate "2011.10.14"]
[EventType "swiss"]
[EventRounds "9"]
[EventCountry "RUS"]
[SourceTitle "EXT 2012"]
[Source "ChessBase"]
[SourceDate "2011.11.24"]
[SourceVersion "1"]
[SourceVersionDate "2011.11.24"]
[SourceQuality "1"]

1. e4 c5 2. Nf3 d6 3. d4 cxd4 4. Qxd4 Bd7 5. c4 Nc6 6. Qd2 g6 7. Nc3 Bg7 8. b3 Bg4 9. Ng1 Qa5 10. Bb2 Nf6 11. Bd3 Nd7 12. f3 Be6 13. Nge2 Nc5 14. Bc2 0-0 15. a3 Qb6 16. Nd5 Bxd5 17. Bxg7 Kxg7 18. exd5 Ne5 19. Qd4 Kg8 20. 0-0 Ncd7 21. Rfe1 Rfc8 22. Qxb6 Nxb6 23. Nd4 Kf8 24. f4 Ned7 25. Re3 Nf6 26. Bd3 a6 27. Rae1 Rc7 28. h3 Re8 29. g4 Rc5 30. Kf2 a5 31. a4 Rcc8 32. Kg3 Nfd7 33. g5 Nc5 34. Bc2 Ncxa4 35. bxa4 Rxc4 36. Re4 Rec8 37. Bb3 Rb4 38. Kg2 Rc3 39. Ba2 Rxa4 40. R1e2 Rd3 41. Nf3 Raa3 1/2-1/2

[Event "Saratov op"]
[Site "Saratov"]
[Date "2008.12.20"]
[Round "8"]
[White "Kuznesov, Andrei"]
[Black "Muromtsev, Arthur"]
[Result "1/2-1/2"]
[WhiteElo "2286"]
[BlackElo "2256"]
[PlyCount "142"]
[EventDate "2008.12.13"]
[EventType "swiss"]
[EventRounds "9"]
[EventCountry "RUS"]
[SourceTitle "EXT 2010"]
[Source "ChessBase"]
[SourceDate "2010.11.25"]
[SourceVersion "1"]
[SourceVersionDate "2010.11.25"]
[SourceQuality "1"]

1. e4 c5 2. Nf3 g6 3. d4 cxd4 4. Nxd4 Bg7 5. c4 Nc6 6. Nc2 Nh6 7. h4 d6 8. h5 f5 9. Nc3 fxe4 10. Nxe4 Bf5 11. Qe2 Nf7 12. g4 Bxe4 13. Qxe4 Qa5+ 14. Bd2 Qe5 15. Qxe5 Ncxe5 16. Be2 Rc8 17. Ne3 Ng5 18. 0-0-0 Ne4 19. h6 Bf6 20. Be1 Bg5 21. Kb1 0-0 22. Rh2 Nf3 23. Bxf3 Rxf3 24. Rd4 Nf6 25. Bd2 Bf4 26. Rg2 Be5 27. Rd3 Ne4 28. Be1 Rcf8 29. Rb3 Nc5 30. Ra3 Rh3 31. Rg1 a6 32. g5 Ne4 33. Nd5 Rxa3 34. bxa3 e6 35. Nb6 Nxf2 36. Nd7 Nh3 37. Nxf8 Nxg1 38. Nxe6 Nf3 39. Bb4 Kf7 40. Nd8+ Ke7 41. Nxb7 Nxg5 42. c5 Ne4 43. c6 Nc3+ 44. Kc2 Nb5 45. Kd3 Na7 46. Na5 Bf4 47. Ke4 Bxh6 48. Kd5 Bf4 49. Nb7 Nc8 50. Ba5 h5 51. Bd8+ Ke8 52. Ke4 g5 53. Kf5 h4 54. Kg4 Kf7 55. c7 Ke6 56. Na5 Kd5 57. Nb3 Kc4 58. Na5+ Kb5 59. Nb3 d5 60. Nd4+ Kc4 61. Ne6 d4 62. Nxf4 gxf4 63. Bxh4 Kd3 64. Kxf4 Ke2 65. Ke5 d3 66. Bg5 d2 67. Bxd2 Kxd2 68. Kd5 Kc3 69. Kc6 a5 70. Kb5 a4 71. Kxa4 Kc4 1/2-1/2

[Event "Saratov op"]
[Site "Saratov"]
[Date "2008.12.18"]
[Round "6"]
[White "Lushenkov, Mikhail M"]
[Black "Kuznesov, Andrei"]
[Result "1-0"]
[WhiteElo "2430"]
[BlackElo "2286"]
[PlyCount "75"]
[EventDate "2008.12.13"]
[EventType "swiss"]
[EventRounds "9"]
[EventCountry "RUS"]
[SourceTitle "EXT 2010"]
[Source "ChessBase"]
[SourceDate "2010.11.25"]
[SourceVersion "1"]
[SourceVersionDate "2010.11.25"]
[SourceQuality "1"]

1. c4 Nf6 2. Nc3 d5 3. cxd5 Nxd5 4. g3 g6 5. Bg2 Nxc3 6. bxc3 Bg7 7. Rb1 c6 8. Nf3 0-0 9. 0-0 e5 10. d4 Nd7 11. e4 Qa5 12. Qc2 exd4 13. cxd4 Nb6 14. Bd2 Qh5 15. Rb3 Bh3 16. Rc3 Bxg2 17. Kxg2 Qg4 18. Bf4 Rfe8 19. a4 Qe6 20. a5 Nd7 21. Re1 c5 22. d5 Qa6 23. e5 Qxa5 24. Rce3 Qb5 25. Rb1 Qa6 26. h4 c4 27. h5 Nc5 28. e6 fxe6 29. hxg6 hxg6 30. Qxg6 e5 31. Qh5 Nd3 32. Ng5 Re7 33. Qh7+ Kf8 34. Ne6+ Rxe6 35. dxe6 Qxe6 36. Bg5 e4 37. Rxb7 Qe5 38. Be7+ 1-0

[Event "Saratov op"]
[Site "Saratov"]
[Date "2008.12.17"]
[Round "5"]
[White "Kuznesov, Andrei"]
[Black "Novikov, Stanislav"]
[Result "1/2-1/2"]
[WhiteElo "2286"]
[BlackElo "2523"]
[PlyCount "32"]
[EventDate "2008.12.13"]
[EventType "swiss"]
[EventRounds "9"]
[EventCountry "RUS"]
[SourceTitle "EXT 2010"]
[Source "ChessBase"]
[SourceDate "2010.11.25"]
[SourceVersion "1"]
[SourceVersionDate "2010.11.25"]
[SourceQuality "1"]

1. e4 c5 2. Nf3 e6 3. c3 Nf6 4. d3 Nc6 5. g3 Be7 6. Bg2 d5 7. e5 Nd7 8. Qe2 Qc7 9. Bf4 b5 10. h4 Bb7 11. 0-0 0-0 12. Nbd2 Rfd8 13. Rfe1 Nb6 14. Rac1 Rac8 15. Ng5 h6 16. Nh3 d4 1/2-1/2

[Event "Saratov op"]
[Site "Saratov"]
[Date "2008.12.16"]
[Round "4"]
[White "Shukh, Nikolai"]
[Black "Kuznesov, Andrei"]
[Result "0-1"]
[WhiteElo "2377"]
[BlackElo "2286"]
[PlyCount "68"]
[EventDate "2008.12.13"]
[EventType "swiss"]
[EventRounds "9"]
[EventCountry "RUS"]
[SourceTitle "EXT 2010"]
[Source "ChessBase"]
[SourceDate "2010.11.25"]
[SourceVersion "1"]
[SourceVersionDate "2010.11.25"]
[SourceQuality "1"]

1. e4 e5 2. Nf3 Nc6 3. Bb5 Nf6 4. 0-0 Bc5 5. c3 0-0 6. d4 Bb6 7. Bg5 h6 8. Bh4 d6 9. Bxc6 bxc6 10. dxe5 dxe5 11. Qe2 Qe7 12. Nbd2 a5 13. Rfd1 Ba6 14. c4 Qe6 15. Rac1 Nh5 16. Nf1 Nf4 17. Qc2 Bc5 18. Ne3 Rab8 19. Nf5 Rb4 20. b3 Rfb8 21. Bg3 a4 22. Bxf4 exf4 23. Qc3 Bf8 24. N3d4 Qf6 25. a3 R4b7 26. Qa5 c5 27. e5 Qb6 28. Qxb6 Rxb6 29. Nb5 axb3 30. a4 g6 31. Nh4 c6 32. Nc7 b2 33. Rb1 Bxc4 34. a5 R6b7 0-1

[Event "Saratov op"]
[Site "Saratov"]
[Date "2008.12.15"]
[Round "3"]
[White "Kuznesov, Andrei"]
[Black "Matinian, Nikita"]
[Result "1-0"]
[WhiteElo "2286"]
[BlackElo "2361"]
[PlyCount "76"]
[EventDate "2008.12.13"]
[EventType "swiss"]
[EventRounds "9"]
[EventCountry "RUS"]
[SourceTitle "EXT 2010"]
[Source "ChessBase"]
[SourceDate "2010.11.25"]
[SourceVersion "1"]
[SourceVersionDate "2010.11.25"]
[SourceQuality "1"]

1. e4 e5 2. Nf3 Nc6 3. Bb5 a6 4. Ba4 Nf6 5. 0-0 Be7 6. Re1 b5 7. Bb3 0-0 8. a4 b4 9. d3 d6 10. a5 Bg4 11. Nbd2 Nd4 12. Bc4 c6 13. h3 Bh5 14. g4 Nxf3+ 15. Qxf3 Bg6 16. Ba2 Kh8 17. Nc4 Ne8 18. Bd2 c5 19. c3 bxc3 20. bxc3 Nc7 21. Rab1 Nb5 22. Nb6 Rb8 23. Rb2 f6 24. Reb1 Be8 25. Nd5 Bc6 26. Qd1 Ra8 27. f4 g6 28. Nb6 Ra7 29. f5 Qe8 30. Nd5 gxf5 31. Nxe7 Rxe7 32. gxf5 d5 33. c4 dxc4 34. Bxc4 Na3 35. Bh6 Nxc4 36. dxc4 Rg8+ 37. Kf1 Rd7 38. Qe2 Rd4 1-0

[Event "Izmailov Memorial op 12th"]
[Site "Tomsk"]
[Date "2008.07.01"]
[Round "7"]
[White "Kuznesov, Andrei"]
[Black "Bryzgalin, Kirill"]
[Result "0-1"]
[WhiteElo "2295"]
[BlackElo "2529"]
[PlyCount "84"]
[EventDate "2008.06.25"]
[EventType "swiss"]
[EventRounds "9"]
[EventCountry "RUS"]
[SourceTitle "CBM 125 Extra"]
[Source "ChessBase"]
[SourceDate "2008.09.01"]
[SourceVersion "1"]
[SourceVersionDate "2008.09.01"]
[SourceQuality "1"]

1. e4 c5 2. Nf3 e6 3. c3 Nf6 4. d3 b6 5. g3 Bb7 6. Bg2 Be7 7. 0-0 0-0 8. Nbd2 Nc6 9. Re1 Rc8 10. Nf1 d5 11. e5 Nd7 12. h4 Re8 13. Bf4 Bf8 14. N1h2 b5 15. h5 h6 16. Ng4 d4 17. cxd4 cxd4 18. Nd2 Nc5 19. Ne4 Nxe4 20. Bxe4 Re7 21. a4 bxa4 22. Rxa4 Qb6 23. Qd2 Rec7 24. Nxh6+ Kh8 25. Rc1 Nb4 26. Rxc7 Rxc7 27. Bxb7 Qxb7 28. Ng4 Qb5 29. Qd1 Nd5 30. Rxd4 Qxb2 31. Rc4 Qb7 32. h6 g6 33. Qa4 Rd7 34. Bg5 Nb6 35. Bf6+ Kh7 36. Qb3 Nxc4 37. Qxc4 Rc7 38. Qf4 Qb4 39. d4 Qb1+ 40. Kg2 Qf5 41. Qd2 Qxg4 42. f4 Qf5 0-1

[Event "RUS-ch U26"]
[Site "Novokuznetsk"]
[Date "2007.10.27"]
[Round "6"]
[White "Kuznesov, Andrei"]
[Black "Vladimirov, Mikhail"]
[Result "1/2-1/2"]
[WhiteElo "2301"]
[BlackElo "2187"]
[PlyCount "29"]
[EventDate "2007.10.22"]
[EventType "swiss"]
[EventRounds "9"]
[EventCountry "RUS"]
[SourceTitle "EXT 2009"]
[Source "ChessBase"]
[SourceDate "2008.11.26"]
[SourceVersion "1"]
[SourceVersionDate "2008.11.26"]
[SourceQuality "1"]

1. e4 c5 2. Nf3 d6 3. c3 Nf6 4. h3 Nc6 5. Bd3 e5 6. Bc2 Be7 7. 0-0 0-0 8. d4 cxd4 9. cxd4 Nb4 10. Bb3 Nxe4 11. dxe5 dxe5 12. Qxd8 Bxd8 13. Nxe5 Bf6 14. Bf4 Nc5 15. Nc3 1/2-1/2

[Event "Novokuznetsk Goriainov Memorial op"]
[Site "Novokuznetsk"]
[Date "2007.08.18"]
[Round "5"]
[White "Nigametzianov, Mikhail"]
[Black "Kuznesov, Andrei"]
[Result "1/2-1/2"]
[WhiteElo "2373"]
[BlackElo "2295"]
[PlyCount "43"]
[EventDate "2007.08.14"]
[EventType "swiss"]
[EventRounds "9"]
[EventCountry "RUS"]
[SourceTitle "EXT 2009"]
[Source "ChessBase"]
[SourceDate "2008.11.26"]
[SourceVersion "1"]
[SourceVersionDate "2008.11.26"]
[SourceQuality "1"]

1. d4 Nf6 2. c4 g6 3. Nc3 d5 4. Bd2 Bg7 5. cxd5 Nxd5 6. e4 Nxc3 7. Bxc3 c5 8. Bb5+ Nd7 9. Ne2 cxd4 10. Bxd4 0-0 11. 0-0 Nf6 12. Nc3 Be6 13. Be2 Qa5 14. Qb1 Rfd8 15. b4 Qc7 16. Nb5 Qf4 17. Be3 Qxe4 18. Nc7 Qxb1 19. Raxb1 Bxa2 20. Nxa8 Bxb1 21. Rxb1 Rxa8 22. Bf3 1/2-1/2

[Event "Novokuznetsk Goriainov Memorial op"]
[Site "Novokuznetsk"]
[Date "2007.08.14"]
[Round "1"]
[White "Kuznesov, Andrei"]
[Black "Iskulov, Viktor"]
[Result "1-0"]
[WhiteElo "2295"]
[BlackElo "2108"]
[PlyCount "93"]
[EventDate "2007.08.14"]
[EventType "swiss"]
[EventRounds "9"]
[EventCountry "RUS"]
[SourceTitle "EXT 2009"]
[Source "ChessBase"]
[SourceDate "2008.11.26"]
[SourceVersion "1"]
[SourceVersionDate "2008.11.26"]
[SourceQuality "1"]

1. e4 g6 2. d4 Bg7 3. Nc3 d6 4. Bg5 c6 5. Qd2 Qb6 6. 0-0-0 a5 7. Nf3 Bg4 8. Be2 Nd7 9. h3 Bxf3 10. Bxf3 a4 11. Rhe1 Qc7 12. Bf4 e5 13. Be3 Ngf6 14. g4 0-0 15. dxe5 Nxe5 16. Be2 Ne8 17. f4 Nd7 18. Bd4 a3 19. b3 f6 20. h4 b5 21. h5 b4 22. Bc4+ Kh8 23. Na4 d5 24. exd5 c5 25. Ba1 Nd6 26. Qd3 Rxa4 27. bxa4 Nb6 28. h6 Bxh6 29. g5 Bg7 30. gxf6 Bxf6 31. Bxf6+ Rxf6 32. Bb5 c4 33. Qd4 Qd8 34. Re6 Kg7 35. Rde1 b3 36. Rxf6 Qxf6 37. Qxf6+ Kxf6 38. cxb3 cxb3 39. Re6+ Kf5 40. axb3 Nbc8 41. Bd7 Kxf4 42. Bxc8 Nxc8 43. d6 Nb6 44. a5 Nd7 45. b4 g5 46. Re7 Ne5 47. Rxe5 1-0

[Event "Saratov-ch"]
[Site "Saratov"]
[Date "2007.03.07"]
[Round "6"]
[White "Kuznesov, Andrei"]
[Black "Likhoman, Mikhail"]
[Result "0-1"]
[WhiteElo "2337"]
[BlackElo "2208"]
[PlyCount "54"]
[EventDate "2007.03.01"]
[EventType "swiss"]
[EventRounds "9"]
[EventCountry "RUS"]
[SourceTitle "EXT 2008"]
[Source "ChessBase"]
[SourceDate "2007.11.25"]
[SourceVersion "1"]
[SourceVersionDate "2007.11.25"]
[SourceQuality "1"]

1. e4 e5 2. Nf3 Nc6 3. Bb5 a6 4. Ba4 Nf6 5. d4 exd4 6. 0-0 Be7 7. Re1 0-0 8. e5 Ne8 9. Nxd4 Nxd4 10. Qxd4 d5 11. exd6 Bxd6 12. Bf4 c5 13. Qd2 b5 14. Rd1 Ra7 15. Bxd6 Rd7 16. Bxc5 Rxd2 17. Rxd2 Qg5 18. Bxf8 Kxf8 19. Bb3 Bb7 20. f4 Qxf4 21. Rf2 Qc1+ 22. Rf1 Qe3+ 23. Kh1 Nf6 24. Nc3 b4 25. Nd1 Qe4 26. Rg1 Ng4 27. h3 Qf4 0-1

[Event "Izmailov Memorial op 10th"]
[Site "Tomsk"]
[Date "2006.07.19"]
[Round "8"]
[White "Kuznesov, Andrei"]
[Black "Efimov, Arkadij"]
[Result "0-1"]
[WhiteElo "2311"]
[BlackElo "2231"]
[PlyCount "92"]
[EventDate "2006.07.12"]
[EventType "swiss"]
[EventRounds "9"]
[EventCountry "RUS"]
[SourceTitle "EXT 2008"]
[Source "ChessBase"]
[SourceDate "2007.11.25"]
[SourceVersion "1"]
[SourceVersionDate "2007.11.25"]
[SourceQuality "1"]

1. e4 e5 2. Nf3 Nc6 3. Bb5 Nf6 4. 0-0 Nxe4 5. d4 Nd6 6. Bxc6 dxc6 7. dxe5 Nf5 8. Qxd8+ Kxd8 9. Nc3 h6 10. h3 Bd7 11. b3 Ne7 12. Bb2 Ng6 13. Ne4 b6 14. Rad1 Kc8 15. Rfe1 a5 16. a4 Bb4 17. Bc3 Re8 18. Kh2 Bf5 19. Bxb4 axb4 20. Nd4 Bd7 21. Ng3 Ra5 22. Nh5 Raxe5 23. Rxe5 Rxe5 24. Nxg7 c5 25. Nf3 Re2 26. Rd2 Nf4 27. Rxe2 Nxe2 28. g4 Bc6 29. Nd2 Nd4 30. Kg3 Nxc2 31. h4 Nd4 32. g5 hxg5 33. h5 Bd7 34. h6 Nf5+ 35. Nxf5 Bxf5 36. f4 g4 37. Nc4 Kd7 38. Ne3 Bh7 39. Kxg4 Ke6 40. Kg5 f6+ 41. Kg4 Bd3 42. f5+ Kf7 43. Kf4 c6 44. Kf3 Kg8 45. Kf4 Be2 46. Ke4 Kh7 0-1

[Event "RUS-chT2 13th"]
[Site "Sochi"]
[Date "2006.04.22"]
[Round "3"]
[White "Gladyszev, Oleg"]
[Black "Kuznesov, Andrei"]
[Result "1-0"]
[WhiteElo "2430"]
[BlackElo "2324"]
[PlyCount "131"]
[EventDate "2006.04.20"]
[EventType "team"]
[EventRounds "11"]
[EventCountry "RUS"]
[SourceTitle "EXT 2007"]
[Source "ChessBase"]
[SourceDate "2006.11.23"]
[SourceVersion "1"]
[SourceVersionDate "2006.11.23"]
[SourceQuality "1"]

1. Nf3 Nf6 2. c4 e6 3. Nc3 d5 4. d4 Nbd7 5. cxd5 exd5 6. Bg5 Be7 7. e3 c6 8. Qc2 Nh5 9. Bxe7 Qxe7 10. 0-0-0 g6 11. Bd3 Ndf6 12. h3 Ng7 13. g4 0-0 14. Rhg1 Re8 15. Ne5 Nd7 16. Nxd7 Bxd7 17. Rg3 Rac8 18. Kb1 Ne6 19. Qd2 Qd6 20. Bc2 Ng5 21. f4 Ne4 22. Bxe4 dxe4 23. Qg2 f5 24. gxf5 Bxf5 25. h4 c5 26. dxc5 Qxc5 27. Rd5 Qf8 28. h5 Rc6 29. Rg5 Kh8 30. Qd2 Qf6 31. hxg6 Bxg6 32. Rd7 Rec8 33. Rgd5 Bf7 34. Rd8+ Rxd8 35. Rxd8+ Kg7 36. Rd7 h5 37. Nxe4 Qg6 38. Qd4+ Kf8 39. Rd8+ Be8 40. Qb4+ Kg8 41. Qb3+ Kh7 42. Rd4 Kh6 43. Qd5 Bf7 44. Qg5+ Qxg5 45. Nxg5 Bg6+ 46. e4 h4 47. Nh3 Bh5 48. f5 Bg4 49. Nf2 Kg5 50. Rd7 Be2 51. b3 Kf4 52. Rh7 b5 53. Kb2 b4 54. e5 Kf3 55. f6 Kxf2 56. f7 Rc8 57. Rxh4 Bd3 58. Rxb4 Ke3 59. e6 Bg6 60. Rg4 Bxf7 61. exf7 Rf8 62. Rg7 Kd4 63. Ka3 Kc5 64. Rg5+ Kb6 65. Rf5 a6 66. Ka4 1-0